| 000 | 01139cam a2200241 4500 | ||
|---|---|---|---|
| 001 | ABS64608 | ||
| 008 | 011004n2001 000 0 eng u | ||
| 035 | _a(Sirsi) u114992 | ||
| 100 | _aBriggs, L. | ||
| 245 | _aMasts feel the wind of change | ||
| 260 | _c2001 | ||
| 490 |
_aEstates Gazette _v(0139) 29 September 2001, 132-134(3) |
||
| 520 | _aUntil now telecoms operators have not needed to stand up for their rights to retain apparatus on a site. However, suggests the demand created by third-generation networks is about to change this situation. Examines the implications of the Telecommunications Act 1984 with regard to the new licences issued to operators to set up third-generation networks. Also recommends telecoms operators consider PPG8, which affects planning permission for telecoms masts and apparatus. | ||
| 590 | _aABS | ||
| 650 | _aTELECOMMUNICATIONS ACT 1984 | ||
| 650 | _aLANDLORD AND TENANT ACT 1954 | ||
| 650 | _aTELECOMMUNICATIONS MASTS | ||
| 650 | _aTHIRD GENERATION NETWORKS | ||
| 650 | _aPPG8 | ||
| 650 | _aTELECOMMUNICATIONS EQUIPMENT | ||
| 690 | _aTRANSPORT AND COMMUNICATIONS | ||
| 942 | _n0 | ||
| 999 |
_c68474 _d68474 |
||